000
00349pam a2200157a 44500
008
230515b2002 xxu||||| |||| 00| 0 eng d
020
_a
NULL
041
_a
ENGL
082
_a
620.1/ BHA
100
_a
BHAVIKATTI
245
_a
ENGINEERING MECHANICS (BHA)
250
_a
N.D.
260
_a
NULL
_b
NEW A
_c
2002
300
_a
555 PB
650
_a
NULL
999
_c
633724
_d
633724